000 00571nam a22002177a 4500
003 UA-OsUOA
001 36340
007 ta
008 20060121b un ||||| |||| 00| 0 ukr d
100 _aБурнашов Г.
090 _a82
942 _cSA
040 _aUA-OsUOA
_bukr
_cUA-OsUOA
_dUA-OsUOA
245 _aГаньбити свою Вітчизну - означає зраджувати її
300 _aС.3
955 _a0
041 _aukr
080 _a82
773 0 _w36338
650 7 _a82 Література. Літературознавство
_2UDC
999 _c322578
_d322578